Mariano Marcos State University

University Library System

Industrial and organizational psychology / (Record no. 29157)

MARC details
000 -LEADER
fixed length control field 00641nam a22002057a 4500
003 - CONTROL NUMBER IDENTIFIER
control field OSt
005 - DATE AND TIME OF LATEST TRANSACTION
control field 20260512152905.0
008 - FIXED-LENGTH DATA ELEMENTS--GENERAL INFORMATION
fixed length control field 260512b |||||||| |||| 00| 0 eng d
020 ## - INTERNATIONAL STANDARD BOOK NUMBER
International Standard Book Number 9781836593430 Hb. Bp.
040 ## - CATALOGING SOURCE
Original cataloging agency MMSU
Transcribing agency ULS
050 ## - LIBRARY OF CONGRESS CALL NUMBER
Classification number HF 5548.8 C65 2025 CIRC
100 ## - MAIN ENTRY--PERSONAL NAME
Personal name Coleman, Dennis
245 ## - TITLE STATEMENT
Title Industrial and organizational psychology /
Statement of responsibility, etc. Dennis Coleman.
260 ## - PUBLICATION, DISTRIBUTION, ETC.
Place of publication, distribution, etc. United Kingdom :
Name of publisher, distributor, etc. ETP ED-Tech Press,
Date of publication, distribution, etc. 2025.
300 ## - PHYSICAL DESCRIPTION
Extent ix, 258 pages ;
Dimensions 26 cm.
504 ## - BIBLIOGRAPHY, ETC. NOTE
Bibliography, etc. note Includes bibliographical references and index.
650 ## - SUBJECT ADDED ENTRY--TOPICAL TERM
Topical term or geographic name entry element Psychology, Industrial.
650 ## - SUBJECT ADDED ENTRY--TOPICAL TERM
Topical term or geographic name entry element Organizational behavior.
9 (RLIN) 267
942 ## - ADDED ENTRY ELEMENTS (KOHA)
Source of classification or shelving scheme
Koha item type Books
Holdings
Withdrawn status Lost status Source of classification or shelving scheme Damaged status Not for loan Home library Current library Shelving location Date acquired Inventory number Total Checkouts Full call number Barcode Date last seen Price effective from Koha item type
          MMSU Main Library MMSU Main Library Circulation 05/12/2026 6-0055   HF 5548.8 C65 2025 CIRC 41826 05/12/2026 05/12/2026 Books

© 2023 Mariano Marcos State University. All Rights Reserved.

Powered by Koha